Library Banner

Mahmood Ghaznavi(محمود غزنوی)/ (Record no. 109191)

MARC details
000 -LEADER
fixed length control field 00416nam a22001457a 4500
005 - DATE AND TIME OF LATEST TRANSACTION
control field 20181129112947.0
008 - FIXED-LENGTH DATA ELEMENTS--GENERAL INFORMATION
fixed length control field 181129b ||||| |||| 00| 0 eng d
020 ## - INTERNATIONAL STANDARD BOOK NUMBER
International Standard Book Number 8172920636
040 ## - CATALOGING SOURCE
Transcribing agency PK-LaUMT
082 ## - DEWEY DECIMAL CLASSIFICATION NUMBER
Classification number RHC 297.74092
Item number ABD-M
100 ## - MAIN ENTRY--PERSONAL NAME
Personal name Abdul Mughni
245 ## - TITLE STATEMENT
Title Mahmood Ghaznavi(محمود غزنوی)/
Statement of responsibility, etc Abdul Mughni
260 ## - PUBLICATION, DISTRIBUTION, ETC. (IMPRINT)
Place of publication, distribution, etc دہلی؛
Name of publisher, distributor, etc مرکزی مکتبہ اسلامی
Date of publication, distribution, etc 1993
942 ## - ADDED ENTRY ELEMENTS (KOHA)
Koha item type Books
Holdings
Withdrawn status Lost status Damaged status Home library Current library Date acquired Full call number Barcode Date last seen Price effective from Koha item type
      UMT Main Campus UMT Main Campus 2018-11-29 RHC 297.74092 ABD-M 126673 2018-11-29 2018-11-29 Books